|
|
|
|
| LEADER |
01158nam a2200361 4500 |
| 001 |
DLU060051903 |
| 005 |
##20060323 |
| 040 |
# |
# |
|a DLU
|b vie
|
| 041 |
# |
# |
|a vie
|
| 044 |
# |
# |
|a vn
|
| 082 |
# |
# |
|a 362.5
|b DUA
|
| 110 |
# |
# |
|a Dự án hợp tác Việt Nam - Canada (LPRV).
|
| 245 |
# |
# |
|a Đồng tham gia trong giảm nghèo đô thị :
|b Tài liệu giảng dạy Đại học /
|c Dự án hợp tác Việt Nam - Canada (LPRV); Ngô Văn Lệ, Nguyễn Minh Hoà đồng chủ biên.
|
| 260 |
# |
# |
|a H. :
|b Khoa học Xã hội,
|c 2003.
|
| 300 |
# |
# |
|a 230 tr. ;
|c 19 cm.
|
| 504 |
# |
# |
|a Tài liệu tham khảo :tr.223.
|
| 650 |
# |
# |
|a Người nghèo đô thị
|z Việt Nam
|x Chính sách nhà nước.
|
| 650 |
# |
# |
|a Nghèo ở đô thị.
|
| 650 |
# |
# |
|a Xã hội cùng tham gia.
|
| 650 |
# |
# |
|a Xã hội học, Đô thị.
|
| 700 |
# |
# |
|a Ngô Văn Lệ,
|e chủ biên.
|
| 700 |
# |
# |
|a Nguyễn Minh Hoà,
|e chủ biên.
|
| 923 |
# |
# |
|a 01/2006
|
| 991 |
# |
# |
|a SH
|
| 992 |
# |
# |
|a 9200
|
| 994 |
# |
# |
|a DLU
|
| 900 |
# |
# |
|a True
|
| 911 |
# |
# |
|a Đào Thị Thu Huyền
|
| 925 |
# |
# |
|a G
|
| 926 |
# |
# |
|a A
|
| 927 |
# |
# |
|a SH
|
| 980 |
# |
# |
|a Thư viện Trường Đại học Đà Lạt
|